Countries that Nick Cave has gigged in - Statistics

General Stats
  • This quiz has been taken 54 times
  • The average score is 34 of 40
Answer Stats
Number of gigs Country % Correct
298 United States
100%
511 Australia
98%
50 France
98%
23 Spain
98%
292 United Kingdom
98%
12 Brazil
96%
126 Germany
96%
18 Portugal
96%
55 Italy
94%
23 Sweden
94%
25 Austria
92%
26 Japan
92%
23 Norway
92%
14 Russia
92%
3 Argentina
90%
37 Canada
90%
29 Denmark
90%
10 Finland
90%
27 Greece
90%
3 Mexico
90%
22 Switzerland
90%
41 Ireland
88%
40 Belgium
86%
63 Netherlands
86%
17 New Zealand
86%
13 Poland
86%
19 Czech Republic
84%
1 Croatia
82%
9 Hungary
82%
1 Slovakia
78%
3 Turkey
78%
1 Chile
76%
6 Serbia
76%
5 Iceland
69%
1 Romania
69%
13 Slovenia
69%
2 Latvia
65%
5 Luxembourg
61%
12 Israel
53%
1 Uruguay
51%
No matching quizzes found
Score Distribution
Percent of People with Each Score
Percentile by Number Answered
Your Score History
You have not taken this quiz